Heat And Mass Transfer (Record no. 51676)

MARC details
000 -LEADER
fixed length control field 00373nam a2200145Ia 4500
008 - FIXED-LENGTH DATA ELEMENTS--GENERAL INFORMATION
fixed length control field 220530s9999 xx 000 0 und d
020 ## - INTERNATIONAL STANDARD BOOK NUMBER
International Standard Book Number 978-81-85444-36-9
041 ## - LANGUAGE CODE
Language code of text/sound track or separate title eng
082 ## - DEWEY DECIMAL CLASSIFICATION NUMBER
Classification number 530.475
Item number YAD
100 ## - MAIN ENTRY--PERSONAL NAME
Personal name Yadav R
9 (RLIN) 57087
245 ## - TITLE STATEMENT
Title Heat And Mass Transfer
260 ## - PUBLICATION, DISTRIBUTION, ETC. (IMPRINT)
Place of publication, distribution, etc. Allahabad
Name of publisher, distributor, etc. Central Publishing House
Date of publication, distribution, etc. 2010
300 ## - PHYSICAL DESCRIPTION
Extent 860 P
Other physical details PB
906 ## - LOCAL DATA ELEMENT F, LDF (RLIN)
a 56.25
b MECH
Holdings
Withdrawn status Lost status Damaged status Not for loan Collection code Home library Current library Date acquired Vendor Cost, normal purchase price Total Checkouts Total Renewals Full call number Barcode Date last seen Date last checked out Cost, replacement price Bill Date Koha item type Original Barcode
        Mechanical Engineering Cummins College of Engineering for Women Nagpur Cummins College of Engineering for Women Nagpur 06/08/2013 Pushpak Book Depot 225.00 3 1 530.475/YAD/ CEWN-BK-4837 03/02/2026 31/12/2025 168.75 30/05/2022 Books 004837
        Mechanical Engineering Cummins College of Engineering for Women Nagpur Cummins College of Engineering for Women Nagpur 06/08/2013 Pushpak Book Depot 225.00 3   530.475/YAD/ CEWN-BK-4836 02/01/2026 23/12/2025 168.75 30/05/2022 Books 004836